Sardar K M Panikar (Record no. 55551)

MARC details
000 -LEADER
fixed length control field 00377nam a2200133Ia 4500
008 - FIXED-LENGTH DATA ELEMENTS--GENERAL INFORMATION
fixed length control field 211109s9999||||xx |||||||||||||| ||und||
082 ## - DEWEY DECIMAL CLASSIFICATION NUMBER
Classification number 920
Item number KON-S
100 ## - MAIN ENTRY--PERSONAL NAME
Personal name Konniiyur, Narendranath
245 #0 - TITLE STATEMENT
Title Sardar K M Panikar
260 ## - PUBLICATION, DISTRIBUTION, ETC.
Name of publisher, distributor, etc. Samskara Prasithikara Vakuppu
Place of publication, distribution, etc. Thiruvananthapuram
Date of publication, distribution, etc. 1994
630 ## - SUBJECT ADDED ENTRY--UNIFORM TITLE
General subdivision General Stack
650 ## - SUBJECT ADDED ENTRY--TOPICAL TERM
Topical term or geographic name entry element Biography
942 ## - ADDED ENTRY ELEMENTS (KOHA)
Koha item type BOOK
650 ## - SUBJECT ADDED ENTRY--TOPICAL TERM
Form subdivision HistoryGeneralia
Holdings
Withdrawn status Lost status Damaged status Not for loan Home library Current library Date acquired Cost, normal purchase price Total Checkouts Full call number Barcode Shelving location Date last seen Price effective from Koha item type
        SB LIBRARY SB LIBRARY 09/11/2021 50.00   920 KON-S 00098271 GENERAL STACK 09/11/2021 09/11/2021 BOOK

Powered by Koha